000 00986nam a22002057a 4500
005 20250929123006.0
008 250926b |||||||| |||| 00| 0 eng d
020 _a9788198858030
040 _cAL
041 _aEnglish
082 _a915.48704
_bHANA
100 _aV Basil Hans
_9240924
245 _aAround the world in fifty days
_b: the joy and perils of voyage
260 _aGhazizbad
_bPen and Paper Academy
_c2025
300 _av,112p.
_bPB
_c21.5x14cm.
365 _b₹449.00
_c
_d₹449.00
520 _aThis book is more than a travelogue; it is a celebration of the indomitable spirit that drives humanity to explore the unknown. It is an ode to the bravery required to step beyond the familiar and to the wisdom gained through experiencing the world in all its complexity. Whether read as an armchair adventure or a guide for personal exploration, the journey promises to leave an indelible mark on the heart and mind.
650 _aTravel
_9240706
942 _2ddc
_cDB
999 _c240514
_d240514